<?xml version="1.0" encoding="UTF-8"?><?xml-stylesheet type="text/xsl" href="static/style.xsl"?><OAI-PMH xmlns="http://www.openarchives.org/OAI/2.0/" xmlns:xsi="http://www.w3.org/2001/XMLSchema-instance" xsi:schemaLocation="http://www.openarchives.org/OAI/2.0/ http://www.openarchives.org/OAI/2.0/OAI-PMH.xsd"><responseDate>2026-04-27T21:32:03Z</responseDate><request verb="GetRecord" identifier="oai:uvadoc.uva.es:10324/60464" metadataPrefix="marc">https://uvadoc.uva.es/oai/request</request><GetRecord><record><header><identifier>oai:uvadoc.uva.es:10324/60464</identifier><datestamp>2023-07-21T19:02:02Z</datestamp><setSpec>com_10324_38</setSpec><setSpec>col_10324_852</setSpec></header><metadata><record xmlns="http://www.loc.gov/MARC21/slim" xmlns:doc="http://www.lyncode.com/xoai" xmlns:xsi="http://www.w3.org/2001/XMLSchema-instance" xmlns:dcterms="http://purl.org/dc/terms/" xsi:schemaLocation="http://www.loc.gov/MARC21/slim http://www.loc.gov/standards/marcxml/schema/MARC21slim.xsd">
<leader>00925njm 22002777a 4500</leader>
<datafield tag="042" ind1=" " ind2=" ">
<subfield code="a">dc</subfield>
</datafield>
<datafield tag="720" ind1=" " ind2=" ">
<subfield code="a">Haupt Arabia, Vanessa</subfield>
<subfield code="e">author</subfield>
</datafield>
<datafield tag="260" ind1=" " ind2=" ">
<subfield code="c">2023</subfield>
</datafield>
<datafield tag="520" ind1=" " ind2=" ">
<subfield code="a">La pandemia por COVID-19 ha afectado sobre todo a los colectivos más vulnerables, entre los que se encuentran los recién nacidos y sus madres. Por otra parte, la evidencia sigue demostrando la importancia de la LME hasta los 6 meses, así como la promoción de aquellos factores que la favorezcan. Debido a la situación originada por el SARS-CoV-2, se tomaron medidas extraordinarias, que influyeron en la LME. El objetivo del trabajo es analizar los factores y las características que han condicionado la LME los 6 primeros meses de vida de los lactantes durante el confinamiento por SARS-CoV-2 haciendo una comparación de las tasas de LME al alta, a los tres y a los seis meses. Como conclusión se puede decir que las tasas de LME no se vieron reducidas durante el confinamiento. Esto se debe a una serie de medidas que tuvieron como prioridad el bienestar madre e hijo y por tanto la lactancia materna: revisiones pre y postparto, pinzamiento tardío del cordón y método canguro. Al alta, en el grupo 2020 70,6% de lactantes recibían LME vs 65,6% en 2019, a los 3 meses 55,9% vs 55,2% y a los 6 meses 40% vs 33,7%. Los factores del recién nacido que más beneficiaron la LME fueron: un mayor peso y una mayor edad gestacional, sobre todo a los tres y seis meses de edad. Mientras que los maternos fueron una mayor edad, mayor paridad y la nacionalidad africana.</subfield>
</datafield>
<datafield tag="024" ind2=" " ind1="8">
<subfield code="a">https://uvadoc.uva.es/handle/10324/60464</subfield>
</datafield>
<datafield ind1=" " ind2=" " tag="653">
<subfield code="a">COVID-19 (Enfermedad)</subfield>
</datafield>
<datafield ind1=" " ind2=" " tag="653">
<subfield code="a">Lactancia materna</subfield>
</datafield>
<datafield tag="245" ind1="0" ind2="0">
<subfield code="a">Influencia de la pandemia por SARSCOV-2 en las tasas de lactancia materna exclusiva</subfield>
</datafield>
</record></metadata></record></GetRecord></OAI-PMH>